[Event "RUS-ch Blitz Women 2018"]
[Site "Sochi"]
[Date "2018.10.07"]
[Round "15"]
[White "Tomilova, Elena"]
[Black "Ivanova, Karina"]
[Result "0-1"]
[WhiteElo "2328"]
[BlackElo "2124"]
[Annotator "NA"]
[PlyCount "66"]
[EventDate "2018.10.07"]
[EventType "swiss"]
[EventCountry "RUS"]
[SourceTitle "playchess.com"]
[Source "ChessBase"]
[SourceQuality "1"]
[TimeControl "180+2"]

1. d4 {[%emt 0:00:00]} Nf6 {[%emt 0:00:00]} 2. Bg5 {[%emt 0:00:00]} e6 {[%emt 0:00:01]} 3. e4 {[%emt 0:00:01]} h6 {[%emt 0:00:03]} 4. Bxf6 {[%emt 0:00:01]} Qxf6 {[%emt 0:00:01]} 5. c3 {[%emt 0:00:01]} d5 {[%emt 0:00:03]} 6. Nd2 {[%emt 0:00:02]} dxe4 {[%emt 0:00:26]} 7. Nxe4 {[%emt 0:00:01]} Qd8 {[%emt 0:00:01]} 8. Nf3 {[%emt 0:00:04]} Nd7 {[%emt 0:00:04]} 9. Bd3 {[%emt 0:00:05]} Be7 {[%emt 0:00:03]} 10. Qe2 {[%emt 0:00:04]} Nf6 {[%emt 0:00:03]} 11. O-O-O {[%emt 0:00:10]} c6 {[%emt 0:00:10]} 12. h4 {[%emt 0:00:11]} Qa5 {[%emt 0:00:07]} 13. Kb1 {[%emt 0:00:02]} Bd7 {[%emt 0:00:04]} 14. Ne5 {[%emt 0:00:03]} Nxe4 {[%emt 0:00:29]} 15. Qxe4 {[%emt 0:00:07]} Bf6 {[%emt 0:00:03]} 16. Nxd7 {[%emt 0:00:18]} Kxd7 {[%emt 0:00:02]} 17. f4 {[%emt 0:00:14]} Rad8 {[%emt 0:00:17]} 18. g4 {[%emt 0:00:12]} Qd5 {[%emt 0:00:21]} 19. Qe3 {[%emt 0:00:05]} Kc7 {[%emt 0:00:06]} 20. Be4 {[%emt 0:00:12]} Qd6 {[%emt 0:00:05]} 21. g5 {[%emt 0:00:06]} hxg5 {[%emt 0:00:04]} 22. hxg5 {[%emt 0:00:02]} Be7 {[%emt 0:00:02]} 23. f5 {[%emt 0:00:16]} exf5 {[%emt 0:00:12]} 24. Bxf5 {[%emt 0:00:03]} Rde8 {[%emt 0:00:31]} 25. Bc2 {[%emt 0:00:28]} Rxh1 {[%emt 0:00:19]} 26. Rxh1 {[%emt 0:00:01]} Qd5 {[%emt 0:00:01]} 27. Qg3+ {[%emt 0:00:07]} Bd6 {[%emt 0:00:04]} 28. Qh4 {[%emt 0:00:05]} Re2 {[%emt 0:00:03]} 29. Rc1 {[%emt 0:00:29]} Qg2 {[%emt 0:00:05]} 30. g6 {[%emt 0:00:05]} fxg6 {[%emt 0:00:05]} 31. Qh7 {[%emt 0:00:01]} Bf4 {[%emt 0:00:04]} 32. Qxg7+ Kb6 33. Qe7 {[%emt 0:00:12]} Rxe7 {[%emt 0:00:02]} 0-1

[Event "RUS-ch Blitz Women 2018"]
[Site "Sochi"]
[Date "2018.10.07"]
[Round "15"]
[White "Guseva, Marina"]
[Black "Bivol, Alina"]
[Result "0-1"]
[WhiteElo "2292"]
[BlackElo "2403"]
[Annotator "NA"]
[PlyCount "95"]
[EventDate "2018.10.07"]
[EventType "swiss"]
[EventCountry "RUS"]
[SourceTitle "playchess.com"]
[Source "ChessBase"]
[SourceQuality "1"]
[TimeControl "180+2"]

1. d4 {[%emt 0:00:00]} g6 {[%emt 0:00:00]} 2. c4 {[%emt 0:00:01]} Bg7 {[%emt 0:00:00]} 3. e4 {[%emt 0:00:01]} d6 {[%emt 0:00:08]} 4. Nc3 {[%emt 0:00:03]} e5 {[%emt 0:00:05]} 5. dxe5 {[%emt 0:00:11]} Bxe5 {[%emt 0:00:06]} 6. Nf3 {[%emt 0:00:15]} Bg7 {[%emt 0:00:00]} 7. Be2 {[%emt 0:00:06]} Nf6 {[%emt 0:00:14]} 8. Nd4 {[%emt 0:00:01]} O-O {[%emt 0:00:05]} 9. O-O {[%emt 0:00:03]} Re8 {[%emt 0:00:01]} 10. f3 {[%emt 0:00:01]} Nc6 {[%emt 0:00:07]} 11. Nxc6 {[%emt 0:00:03]} bxc6 {[%emt 0:00:01]} 12. Bg5 {[%emt 0:00:03]} Qd7 {[%emt 0:00:16]} 13. Qd2 {[%emt 0:00:03]} Qe6 {[%emt 0:00:07]} 14. Rad1 {[%emt 0:00:31]} Nd7 {[%emt 0:00:01]} 15. Rfe1 {[%emt 0:00:09]} a5 {[%emt 0:00:08]} 16. b3 {[%emt 0:00:20]} Qe5 {[%emt 0:00:11]} 17. Na4 {[%emt 0:00:03]} Qe6 {[%emt 0:00:28]} 18. Bf1 {[%emt 0:00:05]} Bb7 {[%emt 0:00:16]} 19. Be3 {[%emt 0:00:09]} c5 {[%emt 0:00:03]} 20. Nc3 {[%emt 0:00:02]} Ne5 {[%emt 0:00:08]} 21. Nd5 {[%emt 0:00:07]} Rec8 {[%emt 0:00:11]} 22. Bf2 {[%emt 0:00:25]} a4 {[%emt 0:00:01]} 23. b4 {[%emt 0:00:18]} cxb4 {[%emt 0:00:10]} 24. Qxb4 {[%emt 0:00:01]} Ba6 {[%emt 0:00:13]} 25. c5 {[%emt 0:00:03]} Bxf1 {[%emt 0:00:09]} 26. Rxf1 {[%emt 0:00:02]} dxc5 {[%emt 0:00:15]} 27. Bxc5 {[%emt 0:00:03]} Nc6 {[%emt 0:00:05]} 28. Qa3 {[%emt 0:00:14]} h5 {[%emt 0:00:06]} 29. Rc1 {[%emt 0:00:03]} Kh7 {[%emt 0:00:03]} 30. Bf2 {[%emt 0:00:04]} Be5 {[%emt 0:00:14]} 31. Qc5 {[%emt 0:00:05]} Na5 {[%emt 0:00:07]} 32. Bg3 {[%emt 0:00:12]} Bd6 {[%emt 0:00:02]} 33. Bxd6 {[%emt 0:00:03]} cxd6 {[%emt 0:00:00]} 34. Qd4 {[%emt 0:00:02]} Nc6 {[%emt 0:00:04]} 35. Qb2 {[%emt 0:00:05]} Ne5 {[%emt 0:00:01]} 36. Qd4 {[%emt 0:00:07]} Rxc1 {[%emt 0:00:02]} 37. Rxc1 {[%emt 0:00:01]} Rc8 {[%emt 0:00:01]} 38. Rxc8 {[%emt 0:00:05]} Qxc8 {[%emt 0:00:00]} 39. h3 {[%emt 0:00:05]} Qc1+ {[%emt 0:00:02]} 40. Kh2 {[%emt 0:00:01]} Qc2 {[%emt 0:00:02]} 41. Qe3 {[%emt 0:00:03]} Qxa2 {[%emt 0:00:02]} 42. Qf4 {[%emt 0:00:01]} Kg7 {[%emt 0:00:06]} 43. Qf6+ {[%emt 0:00:01]} Kg8 {[%emt 0:00:01]} 44. Ne7+ {[%emt 0:00:01]} Kf8 {[%emt 0:00:01]} 45. Nd5 {[%emt 0:00:02]} Kg8 {[%emt 0:00:01]} 46. Ne7+ {[%emt 0:00:03]} Kh7 {[%emt 0:00:03]} 47. Nd5 {[%emt 0:00:07]} Qb2 {[%emt 0:00:02]} 48. Kg3 {[%emt 0:00:02]} 0-1

[Event "RUS-ch Blitz Women 2018"]
[Site "Sochi"]
[Date "2018.10.07"]
[Round "15"]
[White "Maltsevskaya, Aleksandra"]
[Black "Nebolsina, Vera"]
[Result "1-0"]
[WhiteElo "2290"]
[BlackElo "2220"]
[Annotator "NA"]
[PlyCount "97"]
[EventDate "2018.10.07"]
[EventType "swiss"]
[EventCountry "RUS"]
[SourceTitle "playchess.com"]
[Source "ChessBase"]
[SourceQuality "1"]
[TimeControl "180+2"]

1. e4 {[%emt 0:00:00]} e5 {[%emt 0:00:00]} 2. Nf3 {[%emt 0:00:02]} Nf6 {[%emt 0:00:01]} 3. Nxe5 {[%emt 0:00:02]} d6 {[%emt 0:00:01]} 4. Nf3 {[%emt 0:00:00]} Nxe4 {[%emt 0:00:01]} 5. Nc3 {[%emt 0:00:01]} Nf6 {[%emt 0:00:02]} 6. g3 {[%emt 0:00:15]} Be7 {[%emt 0:00:11]} 7. Bg2 {[%emt 0:00:01]} O-O {[%emt 0:00:03]} 8. O-O {[%emt 0:00:02]} c6 {[%emt 0:00:21]} 9. d4 {[%emt 0:00:10]} Re8 {[%emt 0:00:06]} 10. Re1 {[%emt 0:00:04]} Nbd7 {[%emt 0:00:05]} 11. Ne2 {[%emt 0:00:02]} Nf8 {[%emt 0:00:05]} 12. c3 {[%emt 0:00:02]} Ng6 {[%emt 0:00:13]} 13. Nf4 {[%emt 0:00:00]} Nxf4 {[%emt 0:00:43]} 14. Bxf4 {[%emt 0:00:02]} Bf5 {[%emt 0:00:07]} 15. Nh4 {[%emt 0:00:09]} Be6 {[%emt 0:00:03]} 16. Nf3 {[%emt 0:00:07]} Qd7 {[%emt 0:00:09]} 17. a4 {[%emt 0:00:17]} Bh3 {[%emt 0:00:22]} 18. Bh1 {[%emt 0:00:02]} Nd5 {[%emt 0:00:03]} 19. Bd2 {[%emt 0:00:02]} Bg4 {[%emt 0:00:06]} 20. a5 {[%emt 0:00:04]} a6 {[%emt 0:00:04]} 21. Qb3 {[%emt 0:00:05]} Bf8 {[%emt 0:00:06]} 22. c4 {[%emt 0:00:12]} Nf6 {[%emt 0:00:02]} 23. Qd3 {[%emt 0:00:07]} Bf5 {[%emt 0:00:01]} 24. Qb3 {[%emt 0:00:02]} Be4 {[%emt 0:00:03]} 25. Re3 {[%emt 0:00:17]} Ng4 {[%emt 0:00:08]} 26. Ree1 {[%emt 0:00:04]} g6 {[%emt 0:00:06]} 27. Re2 {[%emt 0:00:27]} Bg7 {[%emt 0:00:12]} 28. Rae1 {[%emt 0:00:01]} d5 {[%emt 0:00:09]} 29. c5 {[%emt 0:00:27]} Rab8 {[%emt 0:00:03]} 30. Bc3 {[%emt 0:00:07]} h5 {[%emt 0:00:04]} 31. h3 {[%emt 0:00:03]} Nh6 {[%emt 0:00:02]} 32. Kh2 {[%emt 0:00:02]} Nf5 {[%emt 0:00:08]} 33. Qd1 {[%emt 0:00:01]} Kh8 {[%emt 0:00:03]} 34. Ne5 {[%emt 0:00:03]} Bxe5 {[%emt 0:00:03]} 35. Bxe4 {[%emt 0:00:01]} Bg7 {[%emt 0:00:02]} 36. Bxf5 {[%emt 0:00:07]} gxf5 {[%emt 0:00:04]} 37. Rxe8+ {[%emt 0:00:04]} Rxe8 {[%emt 0:00:01]} 38. Qxh5+ {[%emt 0:00:02]} Kg8 {[%emt 0:00:00]} 39. Rxe8+ {[%emt 0:00:03]} Qxe8 {[%emt 0:00:02]} 40. Qxf5 {[%emt 0:00:02]} Qe2 {[%emt 0:00:01]} 41. h4 {[%emt 0:00:03]} Qd1 {[%emt 0:00:05]} 42. Qf4 {[%emt 0:00:09]} Kf8 {[%emt 0:00:07]} 43. Kg2 {[%emt 0:00:02]} Kg8 {[%emt 0:00:01]} 44. Qf3 {[%emt 0:00:02]} Qc2 {[%emt 0:00:02]} 45. h5 {[%emt 0:00:01]} Kh7 {[%emt 0:00:03]} 46. Qxf7 {[%emt 0:00:03]} Qe4+ {[%emt 0:00:01]} 47. Qf3 {[%emt 0:00:02]} Qe8 {[%emt 0:00:04]} 48. Qf5+ {[%emt 0:00:02]} Kh8 {[%emt 0:00:01]} 49. g4 {[%emt 0:00:06]} 1-0

[Event "RUS-ch Blitz Women 2018"]
[Site "Sochi"]
[Date "2018.10.07"]
[Round "15"]
[White "Vinokur, Yuliya"]
[Black "Charochkina, Daria"]
[Result "1/2-1/2"]
[WhiteElo "2170"]
[BlackElo "2344"]
[Annotator "NA"]
[PlyCount "98"]
[EventDate "2018.10.07"]
[EventType "swiss"]
[EventCountry "RUS"]
[SourceTitle "playchess.com"]
[Source "ChessBase"]
[SourceQuality "1"]
[TimeControl "180+2"]

1. d4 {[%emt 0:00:00]} f5 {[%emt 0:00:01]} 2. g3 {[%emt 0:00:03]} Nf6 {[%emt 0:00:00]} 3. Bg2 {[%emt 0:00:02]} e6 {[%emt 0:00:01]} 4. c4 {[%emt 0:00:03]} d5 {[%emt 0:00:01]} 5. Nh3 {[%emt 0:00:02]} c6 {[%emt 0:00:02]} 6. O-O {[%emt 0:00:02]} Bd6 {[%emt 0:00:01]} 7. Bf4 {[%emt 0:00:02]} Be7 {[%emt 0:00:01]} 8. Nd2 {[%emt 0:00:05]} O-O {[%emt 0:00:04]} 9. b3 {[%emt 0:00:02]} h6 {[%emt 0:00:09]} 10. Be5 {[%emt 0:00:08]} Ng4 {[%emt 0:00:01]} 11. Nf4 {[%emt 0:00:21]} Nxe5 {[%emt 0:00:15]} 12. dxe5 {[%emt 0:00:02]} Qe8 {[%emt 0:00:10]} 13. Rc1 {[%emt 0:00:44]} Na6 {[%emt 0:00:02]} 14. Nf3 {[%emt 0:00:17]} g5 {[%emt 0:00:15]} 15. Nd3 {[%emt 0:00:01]} Bd7 {[%emt 0:00:02]} 16. cxd5 {[%emt 0:00:12]} exd5 {[%emt 0:00:11]} 17. Nd4 {[%emt 0:00:11]} Nc7 {[%emt 0:00:00]} 18. f4 {[%emt 0:00:02]} Ne6 {[%emt 0:00:08]} 19. Nxe6 {[%emt 0:00:04]} Bxe6 {[%emt 0:00:01]} 20. Qd2 {[%emt 0:00:05]} b6 {[%emt 0:00:20]} 21. Nb4 {[%emt 0:00:08]} Bc5+ {[%emt 0:00:16]} 22. Kh1 {[%emt 0:00:04]} a5 {[%emt 0:00:01]} 23. Nd3 {[%emt 0:00:02]} Be7 {[%emt 0:00:01]} 24. b4 {[%emt 0:00:12]} a4 {[%emt 0:00:13]} 25. a3 {[%emt 0:00:02]} Rc8 {[%emt 0:00:19]} 26. Qe3 {[%emt 0:00:02]} Bd8 {[%emt 0:00:10]} 27. Rc2 {[%emt 0:00:04]} Kh8 {[%emt 0:00:08]} 28. Rfc1 {[%emt 0:00:01]} Qd7 {[%emt 0:00:10]} 29. Nb2 {[%emt 0:00:10]} b5 {[%emt 0:00:05]} 30. Qd4 {[%emt 0:00:06]} gxf4 {[%emt 0:00:04]} 31. gxf4 {[%emt 0:00:02]} Rg8 {[%emt 0:00:01]} 32. Nd3 {[%emt 0:00:01]} Qg7 {[%emt 0:00:16]} 33. Bf3 {[%emt 0:00:03]} Qd7 {[%emt 0:00:12]} 34. Nc5 {[%emt 0:00:02]} Qe7 {[%emt 0:00:02]} 35. Nxe6 {[%emt 0:00:03]} Qxe6 {[%emt 0:00:00]} 36. Bxd5 {[%emt 0:00:13]} Qd7 {[%emt 0:00:15]} 37. e6+ {[%emt 0:00:02]} Qg7 {[%emt 0:00:01]} 38. Qxg7+ {[%emt 0:00:04]} Rxg7 {[%emt 0:00:01]} 39. Rxc6 {[%emt 0:00:06]} Rxc6 {[%emt 0:00:03]} 40. Rxc6 {[%emt 0:00:01]} Kh7 {[%emt 0:00:05]} 41. Rd6 {[%emt 0:00:12]} Bc7 {[%emt 0:00:08]} 42. Rd7 {[%emt 0:00:01]} Rxd7 {[%emt 0:00:01]} 43. exd7 {[%emt 0:00:02]} Kg7 {[%emt 0:00:02]} 44. Bc6 {[%emt 0:00:01]} Kf6 {[%emt 0:00:01]} 45. Bxb5 Ke7 46. e3 {[%emt 0:00:03]} Bb6 {[%emt 0:00:02]} 47. Kg2 {[%emt 0:00:02]} Bxe3 {[%emt 0:00:01]} 48. Kf3 {[%emt 0:00:02]} Bc1 {[%emt 0:00:00]} 49. Bxa4 {[%emt 0:00:01]} Bxa3 {[%emt 0:00:01]} 1/2-1/2

[Event "RUS-ch Blitz Women 2018"]
[Site "Sochi"]
[Date "2018.10.07"]
[Round "15"]
[White "Vasilevich, Irina"]
[Black "Goltseva, Ekaterina"]
[Result "1-0"]
[WhiteElo "2160"]
[BlackElo "2169"]
[Annotator "NA"]
[PlyCount "93"]
[EventDate "2018.10.07"]
[EventType "swiss"]
[EventCountry "RUS"]
[SourceTitle "playchess.com"]
[Source "ChessBase"]
[SourceQuality "1"]
[TimeControl "180+2"]

1. b3 {[%emt 0:00:00]} Nf6 {[%emt 0:00:05]} 2. Bb2 {[%emt 0:00:00]} d5 {[%emt 0:00:02]} 3. e3 {[%emt 0:00:01]} c5 {[%emt 0:00:08]} 4. Be2 {[%emt 0:00:01]} Nc6 {[%emt 0:00:02]} 5. d3 {[%emt 0:00:01]} g6 {[%emt 0:00:25]} 6. Nd2 {[%emt 0:00:03]} Bg7 {[%emt 0:00:01]} 7. a3 {[%emt 0:00:01]} b6 {[%emt 0:00:08]} 8. c4 {[%emt 0:00:08]} O-O {[%emt 0:00:07]} 9. cxd5 {[%emt 0:00:04]} Nxd5 {[%emt 0:00:04]} 10. Bxg7 {[%emt 0:00:04]} Kxg7 {[%emt 0:00:01]} 11. Qc2 {[%emt 0:00:05]} Bb7 {[%emt 0:00:04]} 12. h4 {[%emt 0:00:08]} e6 {[%emt 0:00:24]} 13. h5 {[%emt 0:00:09]} f5 {[%emt 0:00:28]} 14. Ngf3 {[%emt 0:00:21]} Qf6 {[%emt 0:00:03]} 15. Rc1 {[%emt 0:00:10]} Rad8 {[%emt 0:00:13]} 16. Nc4 {[%emt 0:00:56]} e5 {[%emt 0:00:09]} 17. Qb2 {[%emt 0:00:15]} Rfe8 {[%emt 0:00:15]} 18. h6+ {[%emt 0:00:27]} Kg8 {[%emt 0:00:09]} 19. O-O {[%emt 0:00:03]} e4 {[%emt 0:00:24]} 20. dxe4 {[%emt 0:00:08]} fxe4 {[%emt 0:00:05]} 21. Qxf6 {[%emt 0:00:12]} Nxf6 {[%emt 0:00:03]} 22. Ng5 {[%emt 0:00:01]} Ne5 {[%emt 0:00:18]} 23. Rcd1 {[%emt 0:00:09]} Nd3 {[%emt 0:00:03]} 24. Rd2 {[%emt 0:00:08]} b5 {[%emt 0:00:03]} 25. Na5 {[%emt 0:00:02]} Ba6 {[%emt 0:00:02]} 26. Nxe4 {[%emt 0:00:06]} Nxe4 {[%emt 0:00:03]} 27. Rxd3 {[%emt 0:00:01]} Rxd3 {[%emt 0:00:01]} 28. Bxd3 {[%emt 0:00:01]} Nd6 {[%emt 0:00:02]} 29. Bc2 {[%emt 0:00:04]} c4 {[%emt 0:00:02]} 30. bxc4 {[%emt 0:00:01]} bxc4 {[%emt 0:00:01]} 31. Rd1 {[%emt 0:00:01]} Nb5 {[%emt 0:00:02]} 32. Ba4 {[%emt 0:00:02]} Re5 {[%emt 0:00:03]} 33. Nxc4 Re4 {[%emt 0:00:02]} 34. Bxb5 {[%emt 0:00:05]} Bxb5 {[%emt 0:00:01]} 35. Nd6 {[%emt 0:00:01]} Re5 {[%emt 0:00:02]} 36. Nxb5 {[%emt 0:00:03]} Rxb5 {[%emt 0:00:01]} 37. Rd8+ {[%emt 0:00:01]} Kf7 {[%emt 0:00:01]} 38. Rd7+ {[%emt 0:00:00]} Kf6 {[%emt 0:00:02]} 39. Rxa7 {[%emt 0:00:02]} Rb3 {[%emt 0:00:05]} 40. a4 {[%emt 0:00:04]} Ra3 {[%emt 0:00:03]} 41. a5 {[%emt 0:00:02]} Kg5 {[%emt 0:00:01]} 42. a6 {[%emt 0:00:04]} Kxh6 {[%emt 0:00:02]} 43. Ra8 {[%emt 0:00:01]} Kg7 {[%emt 0:00:02]} 44. a7 {[%emt 0:00:01]} Ra4 {[%emt 0:00:02]} 45. f3 {[%emt 0:00:02]} h5 {[%emt 0:00:03]} 46. e4 {[%emt 0:00:01]} Ra2 {[%emt 0:00:02]} 47. Kh2 {[%emt 0:00:02]} 1-0

[Event "RUS-ch Blitz Women 2018"]
[Site "Sochi"]
[Date "2018.10.07"]
[Round "15"]
[White "Sukhareva, Evgeniya"]
[Black "Potapova, Margarita"]
[Result "0-1"]
[WhiteElo "2125"]
[BlackElo "2099"]
[Annotator "NA"]
[PlyCount "140"]
[EventDate "2018.10.07"]
[EventType "swiss"]
[EventCountry "RUS"]
[SourceTitle "playchess.com"]
[Source "ChessBase"]
[SourceQuality "1"]
[TimeControl "180+2"]

1. d4 {[%emt 0:00:00]} Nf6 {[%emt 0:00:00]} 2. c4 {[%emt 0:00:00]} c5 {[%emt 0:00:00]} 3. d5 {[%emt 0:00:01]} b5 {[%emt 0:00:00]} 4. cxb5 a6 5. bxa6 {[%emt 0:00:02]} g6 {[%emt 0:00:04]} 6. Nc3 {[%emt 0:00:01]} Bg7 {[%emt 0:00:03]} 7. e4 {[%emt 0:00:01]} Qa5 {[%emt 0:00:01]} 8. Bd2 {[%emt 0:00:08]} Bxa6 {[%emt 0:00:03]} 9. Bxa6 {[%emt 0:00:05]} Qxa6 {[%emt 0:00:04]} 10. Nge2 {[%emt 0:00:01]} d6 {[%emt 0:00:02]} 11. O-O {[%emt 0:00:02]} O-O {[%emt 0:00:03]} 12. Qc2 {[%emt 0:00:01]} Nbd7 {[%emt 0:00:10]} 13. a4 {[%emt 0:00:25]} Rfb8 {[%emt 0:00:24]} 14. Ra3 {[%emt 0:00:35]} Qb6 {[%emt 0:00:28]} 15. Nb5 {[%emt 0:00:09]} Ne8 {[%emt 0:00:03]} 16. Nec3 {[%emt 0:00:08]} Ne5 {[%emt 0:00:04]} 17. Bg5 {[%emt 0:00:10]} f6 {[%emt 0:00:05]} 18. Bf4 {[%emt 0:00:05]} Nc4 {[%emt 0:00:03]} 19. Raa1 {[%emt 0:00:03]} Ne5 {[%emt 0:00:15]} 20. Be3 {[%emt 0:00:05]} Nc4 {[%emt 0:00:02]} 21. Bf4 {[%emt 0:00:01]} Ne5 {[%emt 0:00:01]} 22. h3 {[%emt 0:00:00]} Nc7 {[%emt 0:00:02]} 23. Qe2 {[%emt 0:00:07]} Na6 {[%emt 0:00:02]} 24. Rad1 {[%emt 0:00:33]} Nb4 {[%emt 0:00:01]} 25. Bc1 {[%emt 0:00:01]} c4 {[%emt 0:00:06]} 26. Be3 {[%emt 0:00:02]} Qd8 {[%emt 0:00:03]} 27. Nd4 {[%emt 0:00:07]} Qe8 {[%emt 0:00:06]} 28. Ne6 {[%emt 0:00:02]} Nbd3 {[%emt 0:00:06]} 29. Nc7 {[%emt 0:00:04]} Rxb2 {[%emt 0:00:13]} 30. Nxe8 {[%emt 0:00:13]} Rxe2 {[%emt 0:00:03]} 31. Nxe2 {[%emt 0:00:03]} Rxe8 {[%emt 0:00:01]} 32. a5 {[%emt 0:00:08]} Ra8 {[%emt 0:00:01]} 33. Ra1 {[%emt 0:00:00]} f5 {[%emt 0:00:06]} 34. exf5 {[%emt 0:00:08]} gxf5 {[%emt 0:00:01]} 35. a6 {[%emt 0:00:04]} Nd7 {[%emt 0:00:06]} 36. Ra5 {[%emt 0:00:12]} N7c5 {[%emt 0:00:08]} 37. a7 {[%emt 0:00:01]} c3 {[%emt 0:00:10]} 38. Bd4 {[%emt 0:00:04]} c2 {[%emt 0:00:20]} 39. Bxg7 {[%emt 0:00:05]} Kxg7 {[%emt 0:00:01]} 40. Ra2 {[%emt 0:00:10]} Nb4 {[%emt 0:00:13]} 41. Ra5 {[%emt 0:00:06]} Nxd5 {[%emt 0:00:05]} 42. Ra2 {[%emt 0:00:04]} Nb4 {[%emt 0:00:01]} 43. Ra5 {[%emt 0:00:01]} Nc6 {[%emt 0:00:03]} 44. Raa1 {[%emt 0:00:01]} Nb3 {[%emt 0:00:11]} 45. Ra6 {[%emt 0:00:02]} Nxa7 {[%emt 0:00:04]} 46. Nc1 {[%emt 0:00:06]} Nc5 {[%emt 0:00:03]} 47. Ra2 {[%emt 0:00:01]} Ne4 {[%emt 0:00:13]} 48. f3 {[%emt 0:00:02]} Nc3 {[%emt 0:00:01]} 49. Rxc2 Nab5 50. Nd3 {[%emt 0:00:03]} Nd4 {[%emt 0:00:02]} 51. Rd2 {[%emt 0:00:03]} Ncb5 {[%emt 0:00:02]} 52. Nf4 {[%emt 0:00:01]} Kf7 {[%emt 0:00:02]} 53. Kh2 {[%emt 0:00:01]} e5 {[%emt 0:00:02]} 54. Nd3 {[%emt 0:00:01]} Nc3 {[%emt 0:00:02]} 55. Rc1 {[%emt 0:00:02]} Nd5 {[%emt 0:00:01]} 56. Nf2 {[%emt 0:00:02]} Ke6 {[%emt 0:00:03]} 57. Rb1 {[%emt 0:00:02]} Ra7 {[%emt 0:00:01]} 58. Rb8 {[%emt 0:00:01]} Ne3 {[%emt 0:00:04]} 59. Nd3 {[%emt 0:00:02]} Nf1+ {[%emt 0:00:01]} 60. Kg1 {[%emt 0:00:01]} Nxd2 {[%emt 0:00:01]} 61. Re8+ {[%emt 0:00:01]} Kf7 {[%emt 0:00:01]} 62. Rh8 {[%emt 0:00:02]} Kg7 {[%emt 0:00:01]} 63. Rd8 {[%emt 0:00:02]} Ra1+ {[%emt 0:00:03]} 64. Kh2 {[%emt 0:00:04]} Nf1+ {[%emt 0:00:02]} 65. Kg1 {[%emt 0:00:00]} Ne3+ {[%emt 0:00:01]} 66. Kh2 {[%emt 0:00:02]} Ra2 {[%emt 0:00:05]} 67. Rd7+ {[%emt 0:00:08]} Kg8 {[%emt 0:00:03]} 68. Rd8+ {[%emt 0:00:05]} Kf7 {[%emt 0:00:01]} 69. Rxd6 {[%emt 0:00:05]} Rxg2+ {[%emt 0:00:02]} 70. Kh1 {[%emt 0:00:02]} Nxf3 {[%emt 0:00:02]} 0-1